Ferez-vous mieux que les candidates de Miss France 2025 ? - Statistiques

Statistiques générales
  • Ce quiz a été pris 305 fois
  • Le résultat moyen est 37 sur 73
Statistiques - réponses
Question Réponse % Correct
Que célèbre-t-on le 14 juillet en France, jour de la Fête Nationale ? La prise de la Bastille
90%
Quel événement historique international a fêté ses 80 ans en 2024, et a réuni plus de 25 chefs d’État, rois et reines ? Le débarquement de Normandie
86%
DICTEE : En toute *** Bienveillance
82%
En 2024, quelle compétition sportive la Côte d’Ivoire a-t-elle remportée ? La coupe d'Afrique des Nations
82%
Quel athlète phénomène des Jeux olympiques de Paris a battu à Singapour le record du monde du 200 m quatre nages ? Léon Marchand
82%
Qui est actuellement ministre de la Culture en France ? Rachida Dati
82%
Quel roi était surnommé le Roi Soleil ? Louis XIV
80%
DICTEE : Se *** perfectionner
80%
DICTEE : au *** des valses rythme
80%
Quelle est la personnalité la plus suivie sur Instagram avec plus de 642 millions d’abonnés ? Cristiano Ronaldo
78%
Donald Trump est devenu cette année le 47ème Président des États-Unis. Quel parti a-t-il représenté ? Le Parti républicain
78%
DICTEE : *** d'une année de fête Prémices
76%
DICTEE : Placer sa *** voix
76%
DICTEE : *** et excursions balades
74%
DICTEE : Chacune aura à *** coeur
74%
DICTEE : Prendre la *** pose
74%
Aujourd'hui c'est vendredi. Quel jour serons-nous dans trois jours à partir d'hier ? Dimanche
72%
Quelle est la bonne orthographe? Hippopotame
66%
Lequel de ces fleuves est le plus long ? Le Nil
66%
Qui a composé le célèbre thème du ballet "Le Lac des Cygnes" ? Piot Illitch Tchaïkovski
66%
Quelle chanteuse est l'égérie de la nouvelle campagne de publicité pour le parfum "J'adore" de Dior ? Rihanna
66%
Que signifie Vacuité ? Vide
66%
Quel film comptabilise le plus d’entrées en France en 2024 à ce jour ? Un p'tit truc en plus
64%
Quels sont les noms des trois mousquetaires dans le roman d’Alexandre Dumas ? Athos, Porthos et Aramis
62%
Quel pays a gagné le Championnat d'Europe de football en 2024 ? Espagne
62%
DICTEE : *** de robes Farandole
62%
Quel athlète vient d’annoncer sa retraite totale de la compétition ? Rafael Nadal
62%
Quel est le nom du traité signé en 1919 pour la paix entre la France, la Grande-Bretagne, l’Italie et les États-Unis avec l’Allemagne ? Traité de Versailles
62%
Quel évènement marque la fin de la période des 30 glorieuses, où les pays développés ont vécu une forte croissance économique ainsi qu’une augmentation du niveau de vie ? Le choc pétrolier de 1973
60%
Quelle ville est représentée sur ce tableau "La Nuit étoilée" de Vincent Van Gogh ? Saint-Rémy-de-Provence
60%
De quel pays est originaire le Tango ? L'Argentine
58%
0,25 X 20000 = 5000
56%
Combien de médailles, au total, la France a-t-elle remportée aux Jeux olympiques de Paris 2024 ? 64
56%
Qui a gagné le Grand Prix de Monaco de Formule 1 en 2024 ? Charles Leclerc
56%
Marie-José Pérec a allumé la vasque olympique lors de la cérémonie d’ouverture des Jeux olympiques de Paris 2024. Cette athlète a marqué l’histoire du sport français car : Elle est la seule athlète féminine française à être triple championne olympique
56%
DICTEE : des valses et autres *** quadrilles
56%
Dans un sac, il y a 17 jetons rouges, 23 jetons jaunes et 20 jetons bleus, tous indiscernables au toucher. On tire au hasard un jeton du sac. Quelle est la probabilité d’obtenir un jeton rouge ou un jeton jaune ? 2/3
54%
DICTEE : *** et raffinement Vénusté
52%
Quel héros de la Résistance est entré en février 2024 au Panthéon ? Missak Manouchian
50%
458 ÷ 4 = 114.50
48%
Combien de fois la France a remporté le titre de Miss Univers ? 2
48%
Qui sera la 50ème présidente de la cérémonie des César en février 2025 ? Catherine Deneuve
46%
DICTEE : de robes *** virevoltant
46%
DICTEE : C'est en terre d' Eburnie
44%
Lequel de ces pays ne fait pas partie de l’Union européenne ? Norvège
44%
Combien de temps a duré la guerre de 100 ans ? 116 ans
42%
Laquelle de ces phrases contient une litote ? Va, je ne te hais point
42%
Avant Paris, quelle ville était la capitale du Royaume de France ? Lyon
40%
Quel athlète a remporté le plus de médailles aux Jeux paralympiques de 2024 ? Jiang Yuyan
38%
DICTEE : *** Popeline
38%
Si la fille d’Emilie est la mère de ma fille, qui suis-je pour Emilie ? Sa fille
38%
Le 31 mai de quelle année le Futuroscope a-t-il ouvert ses portes pour la première fois ? 1987
36%
Quelle phrase est correcte ? C'est toi qui rangeras les écharpes et la couronne que tu as déplacées
36%
DICTEE : *** Organza
36%
DICTEE : *** taffetas
34%
Que signifie le mot dithyrambique ? Très positif
34%
Quelle est la capitale de la Côte d’Ivoire ? Yamoussoukro
34%
Parmi les mots suivants, lequel n’est pas du genre masculin ? Ephéméride
32%
Lequel de ces mots n’a pas de singulier ? Ténèbres
30%
Quel athlète vient d’annoncer sa retraite totale de la compétition ? Mikkel Hansen
28%
À ce jour, quelle région de France a remporté le plus de fois le titre de Miss France ? Ile-de-France
26%
Qui est à l’origine de la phrase culte « Miss France est et restera » déclamé lors de chaque sacre d’une nouvelle Miss France ? Alain Delon
24%
Quel était le nom du premier satellite français envoyé dans l’espace ? Astérix
24%
Quel pays a pris la présidence de l’Union européenne cette année ? La Hongrie
22%
Jean-Pierre Foucault va couronner sa 30ème Miss. Qui était la première ? Laure Belleville
22%
Laquelle de ces Miss France a été couronnée au Futuroscope ? Rachel Legrain-Trapani
22%
DICTEE : *** et *** çà et là
20%
Qui est le créateur de cette célèbre robe portée par Françoise Hardy en 1968, et considérée à l’époque comme la plus chère du monde ? (robe en plaques de métal) Paco Rabanne
20%
Lequel de ces films le comédien Michel Blanc a-t-il réalisé ? Marche à l'ombre
18%
Dans quel pays a eu lieu la 29ème COP, la conférence annuelle de l'ONU sur le climat, en novembre 2024 ? Azerbaïdjan
16%
Laquelle de ces Miss France a été couronnée au Futuroscope ? Patricia Spehar
14%
Pour quel créateur Eve Gilles, Miss France 2024, a-t-elle défilé pour la Paris Fashion Week cette année ? Pierre Cardin
12%
En quelle année les femmes ont participé aux Jeux olympiques modernes pour la première fois ? 1900
6%
Aucun quiz correspondant
Distribution des résultats
% des personnes avec chaque résultat
Percentile par nombre de réponses
Votre historique - résultats
Vous n’avez pas pris ce quiz